000 00715nam a2200133Ia 4500
008 171212s9999 xx 000 0 und d
020 _a9781925021073
245 _ceditor Ball, Desmond;Tamura, Keiko
_aBreaking Japanese Diplomatic Codes David Sissons and D Special Section during the Second World War
260 _bANU E Press
_c2013
440 _aAsian Studies Series
650 _aHistory
650 _aSissons, D. C. S. (David Carlisle Stanley), 1925-2006; Allied Forces. Southwest Pacific Area. Allied Intelligence Bureau; World War, 1939-1945 -- Cryptography; World War, 1939-1945 -- Secret service -- Australia; World War, 1939-1945 -- Electronic intelli
856 _uwww.jstor.org/stable/10.2307/j.ctt4cg5qn
999 _c351017
_d351017